Patterns of metropolitan policing /

Bibliographic Details
Main Author: Ostrom, Elinor
Other Authors: Parks, Roger B., Whitaker, Gordon P.
Format: Book
Language:English
Published: Cambridge, Mass. : Ballinger Pub. Co., [1978]
Subjects:

MARC

Tag First Indicator Second Indicator Subfields
LEADER 00000pam a2200000 a 4500
001 in00000087300
005 20151008062906.0
008 771122s1978 maua b 00010 engm
010 |a  77025466  
020 |a 0884107833 
035 |a (OCoLC)03481062 
035 |9 AAK1146AM 
040 |a DLC  |c DLC  |d m.c.  |d TXA  |d UtOrBLW 
043 |a n-us--- 
049 |a TXAM  |c [1561775] 
050 0 0 |a HV8138  |b  O758 
082 0 |a 363.2/0973 
100 1 |a Ostrom, Elinor. 
245 1 0 |a Patterns of metropolitan policing /  |c Elinor Ostrom, Roger B. Parks, Gordon P. Whitaker. 
264 1 |a Cambridge, Mass. :  |b Ballinger Pub. Co.,  |c [1978] 
264 4 |c ©1978 
300 |a xxxv, 343 pages :  |b illustrations ;  |c 24 cm. 
336 |a text  |b txt  |2 rdacontent 
337 |a unmediated  |b n  |2 rdamedia 
338 |a volume  |b nc  |2 rdacarrier 
504 |a Includes bibliographical references. 
650 0 |a Police  |z United States. 
700 1 |a Parks, Roger B. 
700 1 |a Whitaker, Gordon P. 
999 |a MARS 
999 f f |s 32fe3d42-576d-345a-9e08-61001e6e409d  |i a58bfb48-c695-3dc4-b5ac-d36d771bfc25  |t 0 
952 f f |p ric  |a Texas A&M University  |b Rellis Campus  |c Joint Library Facility  |d Remote Storage  |t 0  |e HV8138 .O758  |h Library of Congress classification  |i unmediated -- volume  |m A14805978611 
998 f f |a HV8138 .O758  |t 0  |l Remote Storage